Statistics for "In the Air Tonight" Lyrics Quiz

Click here to take the quiz!

General Stats

  • This quiz has been taken 52 times
  • The average score is 11 of 25

Answer Stats

Lyrics % Correct
Can you feel it {coming} in the air tonight
90%
Oh {Lord}, oh {Lord}
83%
I would not lend a {hand}
68%
It's all been a pack of {lies}
63%
But I don't {know} if you {know} who I am
63%
I know {where} you've been
63%
So you can {wipe} off that grin,
60%
I saw it with my own {two} eyes
50%
And I've been waiting for this {moment} for all my life, oh {Lord}
45%
And I've been waiting for this {moment} for all my life, oh {Lord}, oh {Lord}
45%
Well I've been waiting for this {moment} for all my life, oh {Lord}
45%
I can feel it {coming} in the air tonight, oh {Lord}
40%
I can feel it {coming} in the air tonight, oh {Lord}
40%
And I can feel it {coming} in the air tonight, oh {Lord}
40%
I've seen your {face} before, my {friend}
40%
Well if you told me you were {drowning}
40%
It's the {first} time, the {last} time we ever met
38%
How could I ever {forget}
35%
But the {pain} still grows
33%
Well I was {there} and I saw what you {did}
28%
Well I {remember}, I {remember} don't worry
28%
The {hurt} doesn't show
23%
It's no {stranger} to you and me
23%
No you don't {fool} me
18%
But I know the {reason} why you keep your {silence} up
13%

Score Distribution

Percentile by Number Answered

Percent of People with Each Score

Your Score History

You have not taken this quiz